| 000 | 00386cam a2200145 a 4500 | ||
|---|---|---|---|
| 020 | _a0849362903 (v. 1) | ||
| 040 | _cDLC | ||
| 082 | 0 | 0 | _a576 CRC 1985 A008 Or. |
| 245 | 0 | 0 | _aMolecular plant virology / |
| 260 |
_aBoca Raton, Fla. : _bCRC Press, _c1985- |
||
| 300 |
_av. <1-2 > : _bill. ; _c27 cm. |
||
| 650 | 0 | _aPlant molecular virology. | |
| 700 | 1 | _aDavies, Jeffrey W. | |
| 942 | _cEK | ||
| 999 |
_c17136 _d17136 |
||